000 00233 a2200097 4500
001 41364
100 _aMason, R
245 _aA/C strategy and operations of the soviet air force
260 _aLondon
_bJanes
_c
090 _c25544
_d25544
942 _aNUST-CAE
_cM
_c17274
999 _c276437
_d276437